Central Library OPAC University of Rajshahi

Collected plays : (Record no. 17883)

MARC details
000 -LEADER
fixed length control field 00776nam a2200229 a 4500
001 - CONTROL NUMBER
control field 17883
003 - CONTROL NUMBER IDENTIFIER
rucl marc code BD-RjUL
005 - DATE AND TIME OF LATEST TRANSACTION
control field 20211209000215.0
008 - FIXED-LENGTH DATA ELEMENTS--GENERAL INFORMATION
fixed length control field 140219t1962 enk 000 0 eng u
035 ## - SYSTEM CONTROL NUMBER
System control number (BD-RjUL)17941
System control number (OCoLC)647383
040 ## - CATALOGING SOURCE
Original cataloging agency YNG
Modifying agency OCL
-- EQO
Language of cataloging eng
Transcribing agency BD-RjUL
041 ## - LANGUAGE CODE
Language code of text/sound track or separate title eng
082 04 - DEWEY DECIMAL CLASSIFICATION NUMBER
Classification number 822.08
Author mark and year ELC 1962
100 1# - MAIN ENTRY--PERSONAL NAME
Personal name Eliot, T. S.
Fuller form of name (Thomas Stearns),
Dates associated with a name 1888-1965.
9 (RLIN) 55190
245 10 - TITLE STATEMENT
Title Collected plays :
Remainder of title Murder in the cathedral, The family reunion, The cocktail party, The confidential clerk, The elder satesman /
Statement of responsibility, etc. T. S. Eliot
260 ## - PUBLICATION, DISTRIBUTION, ETC. (IMPRINT)
Place of publication, distribution, etc. London :
Name of publisher, distributor, etc. Faber,
Date of publication, distribution, etc. 1962.
300 ## - PHYSICAL DESCRIPTION
Pagination 355 p. ;
Size 23 cm.
600 ## - SUBJECT ADDED ENTRY--PERSONAL NAME
Personal name Eliot, T. S. ,
Dates associated with a name 1888-1965.
General subdivision Collected Plays
650 ## - SUBJECT ADDED ENTRY--TOPICAL TERM
Topical term or geographic name as entry element English Drama
General subdivision Collections
9 (RLIN) 238475
942 ## - ADDED ENTRY ELEMENTS (KOHA)
Source of classification or shelving scheme Dewey Decimal Classification
Koha item type Books
Holdings
Lost status Source of classification or shelving scheme Damaged status Not for loan Collection code Permanent Location Current Location Shelving location Date acquired Source of acquisition Cost, normal purchase price Total Checkouts Full call number Date last seen Copy number Koha item type
  Dewey Decimal Classification     Fiction Central Library, University of Rajshahi Central Library, University of Rajshahi   26/02/1973 Black well 2.25   822.08 ELC 1962 19/02/2014 C-7 Books
  Dewey Decimal Classification     Fiction Central Library, University of Rajshahi Central Library, University of Rajshahi   26/02/1973 Black Well 2.25   822.08 ELC 1962 22/02/2014 C-9 Books
  Dewey Decimal Classification     Fiction Central Library, University of Rajshahi Central Library, University of Rajshahi   09/03/1964 Zeitlinger 30.00   822.08 ELC 1962 01/03/2014 C-2 Books
  Dewey Decimal Classification     Non-fiction Central Library, University of Rajshahi Central Library, University of Rajshahi   26/02/1973 B.H. Blackwell 2.50   822.09 ELC 1962 15/01/2020 C-8 Books
  Dewey Decimal Classification   Not For Loan Fiction Central Library, University of Rajshahi Central Library, University of Rajshahi Reading Room 09/01/1975 Jonathan and wren Co. , London 2.50   822.08 ELC 1962 27/01/2020 C-1 Books
  Dewey Decimal Classification     Fiction Central Library, University of Rajshahi Central Library, University of Rajshahi   19/10/1973 Saded Book Depo 49.50   822.08 ELC 1962 27/01/2020 C-3 Books
  Dewey Decimal Classification     Fiction Central Library, University of Rajshahi Central Library, University of Rajshahi   26/02/1973 Blackwell 2.25   822.08 ELC 1962 27/01/2020 C-4 Books
  Dewey Decimal Classification     Fiction Central Library, University of Rajshahi Central Library, University of Rajshahi   26/02/1973 Blackwell 2.25   822.08 ELC 1962 27/01/2020 C-5 Books
  Dewey Decimal Classification     Fiction Central Library, University of Rajshahi Central Library, University of Rajshahi   26/02/1973 Blackwell 2.25   822.08 ELC 1962 27/01/2020 C-6 Books
  Dewey Decimal Classification     Fiction Central Library, University of Rajshahi Central Library, University of Rajshahi   19/10/1973 Saded Book Depo 49.50   822.08 ELC 1962 27/01/2020 C-10 Books